Statistics for Ultimate Marvel Superhero Quiz

Click here to take the quiz!

General Stats

  • This quiz has been taken 515 times
  • The average score is 28 of 37

Answer Stats

HintAnswer% Correct
A super soldier who was frozen in ice.Captain America
99%
Tony Stark. Is there really much else?Iron Man
97%
Bruce Banner, he can transform into a big green monsterHulk
96%
He was bitten by a radioactive spider and now fights crime in the city of New York.SpiderMan
96%
A hammer wielding who is visiting Midgaard.Thor
96%
Leader of Wakanda, also known as T'challa.Black Panther
95%
His name is Logan and he has metal claws made of Adamantium,Wolverine
94%
He is the Merc with a mouth, and his name is Wade WilsonDeadpool
92%
Head Of SHIELDNick Fury
90%
His color is silver, and he rides around on a surfboard after serving Galactus.Silver Surfer
89%
Ororo Monroe, she can control the weather.Storm
89%
SHIELD agent in peak condition was formerly russianBlack Widow
88%
He was a District Attorney but is now blind and fighting crime.DareDevil
88%
He's a soul riding around on a motorcycle.Ghost Rider
88%
Johnny Storm is a superhero who can be engulfed in flames.Human Torch
88%
He's very "rocky" and part of the Fantastic FourThe Thing
86%
He can stretch A LOTMr. Fantastic
85%
He is Marvel's answer to the FlashQuick silver
85%
A hero that has the powers of ice. His name is Bobby DrakeIceman
84%
Shoots Lasers out of his eyesCyclops
82%
Became the Phoenix, and has the powers of telepathy.Jean Grey
81%
He is a Magician and DoctorDr Strange
79%
She can turn herself invisible.Invisible Woman
79%
Has blue hair everywhere and is a member of the XmenBeast
76%
A vampire hunterBlade
75%
Able to teleport in puffs of purple smoke (Kurt Wagner)Night Crawler
71%
Mutant with feathery wings on his back (Warren Worthington III)Angel
69%
He is a Kree warrior and named after the comic studio itself.Captain Marvel
67%
He is the All FatherOdin
66%
Can make his skin metal.Colossus
65%
She can steal mutants powers upon contactRogue
65%
Female assassin who wears all red and wields Japanese SaisElektra
64%
He is leader of the InhumansBlack Bolt
46%
A mysterious race. They watch you.The Watcher
39%
He is one of two children from Reed Richard and Susan Storm who is an "omega" mutantFranklin Richards
28%
He is the son of Hulk in an alternate realitySkaar
23%
The Daughter of Reed Richard and Susan Storm, she is incredibly smart among other powers.Valeria Von Doom Richards
17%

Score Distribution

Percentile by Number Answered

Percent of People with Each Score

Your Score History

You have not taken this quiz